Normal view
MARC view
- The other Germany
Entry Topical Term
001 - CONTROL NUMBER
- control field: 107785
003 - CONTROL NUMBER IDENTIFIER
- control field: NUST
005 - DATE AND TIME OF LATEST TRANSACTION
- control field: 20230126133428.0
008 - FIXED-LENGTH DATA ELEMENTS
- fixed length control field: 230126|| aca||aabn | a|a d
040 ## - CATALOGING SOURCE
- Original cataloging agency: NUST
- Transcribing agency: NUST
150 ## - HEADING--TOPICAL TERM
- Topical term or geographic name entry element: The other Germany
670 ## - SOURCE DATA FOUND
- Source citation: Work cat.: (NUST)186220: Bolitho, Gordon 107784, The other Germany /, 1934
